| 000 | 00731nam a2200205 a 4500 | ||
|---|---|---|---|
| 001 | 000037018 | ||
| 005 | 20200930080103.0 | ||
| 008 | 120208s1972 ag 000 0 spa d | ||
| 040 |
_aDO-SdBNP _bspa _cBNPHU |
||
| 082 |
_axxxx _bJ54 |
||
| 100 | 1 |
_aJensen, Finn B. _963420 |
|
| 240 | 1 | 0 |
_aThe common market _lEspañol |
| 245 | 1 | 0 |
_aMercado común europeo : _bintegración económica de un continente / _cFinn B. Jensen, Ingo Walter; traducido por Inés Haydeé Hülse y José Clementi. |
| 260 |
_aArgentina : _bEdiciones Troquel, _c1972. |
||
| 300 |
_a322 p. ; _c23 cm. |
||
| 500 | _aTraducido del inglés | ||
| 700 | 1 |
_aWalter, Ingo _963421 |
|
| 700 | 1 |
_aHülse, Inés Haydeé, _etr. _963422 |
|
| 700 | 1 |
_aClementi, José, _etr. _941126 |
|
| 999 |
_c36508 _d36508 |
||